En el Palacio Provincial
Publicado:
San Jorge, núm. 86 - 87 (2n i 3r trimestre 1972), pàg 17 - 24 :
Otros Autores:
Congreso Nacional de Bibliotecas (5è : 1972 : Barcelona)
MARC
| LEADER | 00000nam a2200000Ia 4500 | ||
|---|---|---|---|
| 001 | |||
| 008 | 160829s9999 xx 000 0 cat d | ||
| 245 | |a En el Palacio Provincial | ||
| 260 | |a San Jorge, núm. 86 - 87 (2n i 3r trimestre 1972), pàg 17 - 24 | ||
| 610 | 0 | |a Llars Mundet |9 3004 | |
| 610 | 2 | 0 | |a Museu Romàntic (Sitges, Catalunya) |9 54526 |
| 650 | 0 | |a Diada de Sant Jordi |9 33552 | |
| 650 | |a Medalles de la Província de Barcelona |9 36695 | ||
| 650 | 0 | |a Arxivística |x Congressos |9 24826 | |
| 650 | 0 | |a Biblioteques |v Congressos |9 8041 | |
| 650 | |a Psiquiatria geriàtrica |x Ensenyament |9 46228 | ||
| 650 | 0 | |a Esports |z Barcelona (Catalunya : Província) |9 34361 | |
| 700 | |a Congreso Nacional de Bibliotecas (5è : 1972 : Barcelona) |9 46230 | ||
| 711 | |a Congreso Nacional de Archivos |n (4t : |d 1972 : |c Barcelona) |9 53763 | ||
| 901 | |a Arxiu | ||
| 942 | |n 1 | ||
| 952 | |0 0 |1 0 |4 0 |7 1 |9 53097 |a Arxiu |b Arxiu |d 2016-12-01 |l 0 |r 2016-12-01 00:00:00 |w 2016-12-01 |y ARXIU | ||
| 999 | |c 56946 |d 56946 | ||